000 00229nam a22000857a 4500
999 _c11508
_d11508
008 190530b ||||| |||| 00| 0 eng d
020 _a9781576581377
100 _97225
_aBENGE J G
245 _aERIC LIDDELL SOMETHING GREATER THAN GOLD